Score 0/25 Timer 05:00
11 Plays Today
% Correct
Ice Cream
93%
Grilled Cheese
92.4%
Meatball
92%
Cheeseburger
89.9%
Peanut Butter and Jelly
89.2%
B.L.T.
82.7%
Sloppy Joe
80.4%
Tuna Melt
73.4%
Club
73.2%
Pulled-Pork
72.1%
Hot Dog
69%
Philly Cheese Steak
67.1%
Reuben
56.2%
% Correct
French Dip
51.5%
Ham and Egg
41.6%
Monte Cristo
34.3%
Fluffernutter
32.4%
Gobbler
31.9%
Po' Boy
28.2%
Cuban
24.5%
Dagwood
23.9%
Elvis
23.1%
Caprese
23.1%
Banh Mi
11%
Hot Brown
4%
Come Together.
Have Fun.
All Virtual.
We all need to come together. Play Sporcle's virtual live trivia to have fun, connect with people, and get your trivia on. Join a live hosted trivia game for your favorite pub trivia experience done virtually. If a virtual private party is more your thing, go here for details.

You're not logged in!

Compare scores with friends on all Sporcle quizzes.
OR
Log In

Sporcle TV

Today on Sporcle TV


Watch our educational content, quiz creation guides, and fun videos on Sporcle TV.

Show Comments

Extras

Top Quizzes Today


Score Distribution

Paid Content

Your Account Isn't Verified!

In order to create a playlist on Sporcle, you need to verify the email address you used during registration. Go to your Sporcle Settings to finish the process.

Report this User

Report this user for behavior that violates our Community Guidelines.

Details: